000 00788nam a2200217Ii 4500
003 JO-AjNU
008 230605s9999||||xx |||||||||||||| ||und||
017 _a1996/8/1129
040 _aJO-AjNU
_bara
_erda
_cJO-AjNU
041 _aara
050 1 4 _aLB2805.A22 1996
100 3 _aرمزي،عبد القادر هاشم,
_eauthor
_918318
245 0 0 _aفي الإدارة المدرسية والإشراف التربوي
250 _aط1
264 3 1 _aعمان:المركز العربي للخدمات الطلابية،1996
300 _a276ص
_bملحق:ص(103-180)
336 _atext
_btxt
_2rdacontent
337 _aunmediated
_bn
_2rdamedia
338 _avolume
_bnc
_2rdacarrier
650 4 _aمدارس-إدارة. تعليم ثانوي-الأردن. إشراف تربوي
_918319
999 _aA5836
_c9404
_d9404